00317 a2200097 4500001001000000005001700010008004100027245006500068100002200133773006400155ART_1063320260410161643.0260409a 10aTratamiento fiscal de los pagos a beneficiarios del exterior1 aBechara, Fabián0 tConsultor tributariog- Año 6, Nº 69 (nov. 2012)wREV474